Japão (Registo nº 554)

Detalhes MARC
000 -Etiqueta do registo
Cabeçalho 00517nam0a22002291 4500
005 - Identificador da versão
Campo de controlo 20240822124022.0
021 ## - Número do Depósito Legal
Código do país PT
035 ## - Other System Control Numbers
System Control Number 0000576
System Control Number 0000573
System Control Number 0000573
System Control Number 0000563
100 ## - Dados gerais de processamento
Dados gerais de processamento 20050505d a e0pory5003 ba
101 1# - Língua de publicação
Língua do texto, banda sonora, etc. Português
Língua do documento no original Inglês
102 ## - Pais de publicação ou produção
País de publicação Portugal
105 ## - Campo de dados codificados: livros
Dados codificados dos livros y z 001yy
106 ## - Campo de dados codificados: material textual
Dados codificados do material textual r
200 1# - Titulo e menção de responsabilidade
Título próprio Japão
Informação de outro título uma enciclopédia para jovens
Primeira menção de responsabilidade Pedro Canavarro e Taku Miki
210 ## - Publicação, Distribuição, etc. 
Nome do editor, distribuidor, etc. Genjiro Ito
Data da publicação, distribuição, etc. 1999
215 ## - Descrição física 
Indicação específica da natureza do documento e extensão da espécie p. 256
Dimensões cm
942 ## - Elementos de entrada adicionados (Koha)
Tipo de item no Koha Livro
Exemplares
Situação do levantamento Origin of item (home branch) (coded) Biblioteca de empréstimo Código de barras Cota Circulation type (not for loan) Tipo de documento Nota do exemplar Damaged status
  Biblioteca Escolar Eng. Nuno Mergulhão Biblioteca Escolar Eng. Nuno Mergulhão BENM152 9GEO CAN   Cativo Sem mensagem  
  Biblioteca Escolar Eng. Nuno Mergulhão Biblioteca Escolar Eng. Nuno Mergulhão BENM153 9GEO CAN   Cativo Sem mensagem  
  Biblioteca Escolar Eng. Nuno Mergulhão Biblioteca Escolar Eng. Nuno Mergulhão BENM154 9GEO CAN   Cativo Sem mensagem  
  Biblioteca Escolar Eng. Nuno Mergulhão Biblioteca Escolar Eng. Nuno Mergulhão BENM155 9GEO CAN   Cativo Sem mensagem